| 000 | 01589nam a2200421 i 4500 | ||
|---|---|---|---|
| 001 | DIGNARCEA0495 | ||
| 003 | NyNyDIG | ||
| 007 | cr ||||||||||| | ||
| 008 | 230418s2022 sp a ob 000 0 spa d | ||
| 006 | m o d | ||
| 035 | _a(OCoLC)1377520676 | ||
| 040 |
_aDGITA _beng _erda _epn _cDGITA |
||
| 020 |
_a9788427729353 _qpdf |
||
| 020 |
_a9788427729360 _qePub |
||
| 020 |
_z9788427729346 _qpapel |
||
| 050 | 1 | 4 | _aLC1015 ebook |
| 245 | 0 | 0 |
_aPor una educación humanista : _bun desafío contemporáneo / _cEugenio Nasarre Goicoechea (ed.). |
| 264 | 1 |
_aMadrid, España : _bNarcea, S.A. de Ediciones : _bUCJC Stamp, _c[2022] |
|
| 300 |
_a1 online resource : _billustrations. |
||
| 336 |
_atext _btxt _2rdacontent |
||
| 337 |
_acomputer _bc _2rdamedia |
||
| 338 |
_aonline resource _bcr _2rdacarrier |
||
| 347 |
_atext file _2rdaft |
||
| 347 | _bPDF | ||
| 347 | _bEPUB | ||
| 490 | 1 | _aPolítica educativa | |
| 504 | _aIncludes bibliographical references. | ||
| 588 | 0 | _aOnline resource; title from PDF title page (Digitalia, viewed April 18, 2023) | |
| 650 | 0 | _aEducation, Humanistic. | |
| 700 | 1 |
_aNasarre, Eugenio, _eeditor. |
|
| 791 | 2 |
_aDigitalia (Firm), _edistributor. |
|
| 793 | 0 |
_gDigitalia eBook Collection: _aNarcea Ediciones |
|
| 776 | 0 | 8 |
_iPrint version: _tPor una educación humanista. _dMadrid, España : Narcea, S.A. de Ediciones : UCJC Stamp, [2022] _z9788427729346 |
| 830 | 0 | _aPolítica educativa (Narcea (Firm)) | |
| 856 | 4 | 0 |
_3Digitalia Hispánica _uhttps://www.digitaliapublishing.com/a/116051/ |
| 910 | _aPremium collection: 2023 | ||
| 942 | _cRAA | ||
| 999 |
_c275026 _d275026 |
||